000 00892nam a2200169 a 4500
008 070405s2004 ||||||||||||||||| || u
050 _aSADC(02)2004/1
245 1 0 _aWorkshop papers on efficient energy use in industry
246 _aSweden, Lulea 2004
260 _aSweden
_c2004
300 _a40p.; ill.
350 _a0.00
500 _aprojects contained in this report are compilation of reports of case studies conducted by groups of participants from developing countries to the advanced international training programme on efficient use of industrial energy which took place from april 26 to may 28, 2004.
650 _aFORCE AND ENERGY--RESEARCH--DEVELOPING COUNTRIES
650 _aENERGY MANAGEMENT--DEVELOPING COUNTRIES
995 _D0.00
_FCBU-MAIN LIBRARY (Kitwe)
_H1
_I0.00
_M1
_UAVAILABLE
_WApr 5, 2007
_ZInternational Publications
999 _c61968
_d61968